Key concepts in sports management planning, execution and success / (Record no. 51509)

MARC details
000 -LEADER
fixed length control field 00669nam a2200229Ia 4500
005 - DATE AND TIME OF LATEST TRANSACTION
control field 20260429111932.0
008 - FIXED-LENGTH DATA ELEMENTS--GENERAL INFORMATION
fixed length control field 260429s9999||||xx |||||||||||||| ||und||
020 ## - INTERNATIONAL STANDARD BOOK NUMBER
International Standard Book Number 9789359786742
041 ## - LANGUAGE CODE
Language English
082 ## - DEWEY DECIMAL CLASSIFICATION NUMBER
Classification number 796.06
Item number SIN
100 ## - MAIN ENTRY--PERSONAL NAME
Personal name Singh, Yatendra Kumar
245 #0 - TITLE STATEMENT
Title Key concepts in sports management planning, execution and success /
Statement of responsibility, etc Yatendra Kumar Singh
250 ## - EDITION STATEMENT
Edition statement 1st ed.
260 ## - PUBLICATION, DISTRIBUTION, ETC. (IMPRINT)
Place of publication, distribution, etc New Delhi :
Name of publisher, distributor, etc Friends Publications (India),
Date of publication, distribution, etc 2023.
300 ## - PHYSICAL DESCRIPTION
Extent ix, 181 p.; hb
650 ## - SUBJECT ADDED ENTRY--TOPICAL TERM
Topical term or geographic name as entry element Leadership
650 ## - SUBJECT ADDED ENTRY--TOPICAL TERM
Topical term or geographic name as entry element Planning
650 ## - SUBJECT ADDED ENTRY--TOPICAL TERM
Topical term or geographic name as entry element Sports administration
650 ## - SUBJECT ADDED ENTRY--TOPICAL TERM
Topical term or geographic name as entry element Sports management
700 ## - ADDED ENTRY--PERSONAL NAME
Personal name Singh, Gaurav Kumar
942 ## - ADDED ENTRY ELEMENTS (KOHA)
Koha item type Text Books
Holdings
Withdrawn status Lost status Damaged status Not for loan Collection code Home library Location Shelving location Date of Cataloging Source of acquisition Total Checkouts Full call number Barcode Date last seen Price effective from Koha item type
        Non-fiction CUTN Central Library CUTN Central Library Arts & Sports 29/04/2026 T R Publications, Chennai - Invoice No. TRPHO/2025/CRB/185 on 09-02-2026   796.06 SIN 56528 29/04/2026 29/04/2026 Text Books